الخطاب السياسى للطبقة الوسطى المصرية/
تعد استجابة منطقية لما لقيتة شقيقتها الكبرى التى بدأ ظهور أعدادها الأولى عام 1997 من الترحال والتشجيع المقرونين بالدعوة الى زيادة مساحة العلم فى إصدرات السلسله الى اقصى حد ممكن....
Saved in:
| 主要作者: | |
|---|---|
| 格式: | 图书 |
| 语言: | 阿拉伯语 |
| 出版: |
القاهرة :
المجلس الاعلى للثقافة،
2014.
|
| 版: | ط. 1. |
| 主题: | |
| 标签: |
添加标签
没有标签, 成为第一个标记此记录!
|
MARC
| LEADER | 00000nam a2200000 4500 | ||
|---|---|---|---|
| 003 | INP | ||
| 005 | 20190227100437.0 | ||
| 008 | 180114s2011 ua ||||| |||| 00| 0 ara d | ||
| 952 | |0 0 |1 0 |4 0 |6 320_962000000000000_خ__م |7 0 |8 arabic_Boo |9 19306 |a INP |b INP |c MAIN |d 2019-02-27 |l 0 |o 320.962 خ .م |p 020325 |r 2022-03-28 00:00:00 |w 2019-02-27 |y BK | ||
| 999 | |c 16055 |d 16055 | ||
| 017 | |a 2013/14379 |b المجلس الاعلى للثقافة، | ||
| 020 | |a 9789777184526 | ||
| 040 | |a EG-INP |b ara |c EG-INP | ||
| 082 | |2 21 |a 320.962 |b خ .م | ||
| 100 | 1 | |a احمد، محمد سيد. | |
| 245 | 1 | 0 | |a الخطاب السياسى للطبقة الوسطى المصرية/ |c محمد سيد احمد. |
| 250 | |a ط. 1. | ||
| 260 | |a القاهرة : |b المجلس الاعلى للثقافة، |c 2014. | ||
| 300 | |a 616 ص. : |b إيض ؛ |c 26 سم. | ||
| 520 | |a تعد استجابة منطقية لما لقيتة شقيقتها الكبرى التى بدأ ظهور أعدادها الأولى عام 1997 من الترحال والتشجيع المقرونين بالدعوة الى زيادة مساحة العلم فى إصدرات السلسله الى اقصى حد ممكن. | ||
| 650 | 7 | |2 qrmak |a الاحوال السياسية. | |
| 650 | 7 | |2 qrmak |a الخطاب السياسى. | |
| 651 | |2 مصر. | ||
| 901 | |a EGPV19 | ||
| 902 | |a EGPV19 | ||
| 903 | |a copycat | ||
| 942 | |2 ddc |c BK | ||